Kamla / (Record no. 46728)

MARC details
000 -LEADER
fixed length control field 01076njm a22002777a 4500
005 - DATE AND TIME OF LATEST TRANSACTION
control field 20100918122347.0
006 - FIXED-LENGTH DATA ELEMENTS--ADDITIONAL MATERIAL CHARACTERISTICS--GENERAL INFORMATION
fixed length control field a|||||r|||||00| 0
007 - PHYSICAL DESCRIPTION FIXED FIELD--GENERAL INFORMATION
fixed length control field sd ammalaaahaa
008 - FIXED-LENGTH DATA ELEMENTS--GENERAL INFORMATION
fixed length control field 100907t xxu||||| |||| 00| 0 eng d
028 ## - PUBLISHER NUMBER
Publisher number IND. 1089A
Source CBS
035 ## - SYSTEM CONTROL NUMBER
System control number GR-03587
100 ## - MAIN ENTRY--PERSONAL NAME
Personal name Salma Agha
9 (RLIN) 18693
245 ## - TITLE STATEMENT
Title Kamla /
Statement of responsibility, etc by Salma Agha ; music by Bappi Lahiri; lyric by Gulrez
Medium [Sound recording]
246 ## - VARYING FORM OF TITLE
Title proper/short title मधुरानी सिंग्स ग़ालिब एंड ओठेर्स /
260 ## - PUBLICATION, DISTRIBUTION, ETC. (IMPRINT)
Place of publication, distribution, etc Dum Dum, India
Name of publisher, distributor, etc CBS
Date of publication, distribution, etc 1984
300 ## - PHYSICAL DESCRIPTION
Extent 1 sound disc [Gramophone Recording]
Other physical details analog, 33 1/3rpm ;
Dimensions 12 in. (LP)
Type of unit Gramaphone Records
500 ## - GENERAL NOTE
General note Brief record
500 ## - GENERAL NOTE
General note Record Lables : CBS, Red
505 ## - FORMATTED CONTENTS NOTE
Formatted contents note Side-1 (Aaj phir aaine ne) (Salma Agha), --Side-2 (Insaanon nko neelaam kare) (Pankaj Udhas)
600 ## - SUBJECT ADDED ENTRY--PERSONAL NAME
Source of heading or term Madhurani
650 ## - SUBJECT ADDED ENTRY--TOPICAL TERM
Topical term or geographic name as entry element Ghazals
General subdivision Excerpts
Geographic subdivision India
9 (RLIN) 18694
700 ## - ADDED ENTRY--PERSONAL NAME
Personal name Bappi Lahiri
9 (RLIN) 20661
700 ## - ADDED ENTRY--PERSONAL NAME
Personal name Gulrez
9 (RLIN) 20662
942 ## - ADDED ENTRY ELEMENTS (KOHA)
Source of classification or shelving scheme Dewey Decimal Classification
Item type Gramaphone Records
Holdings
Withdrawn status Lost status Source of classification or shelving scheme Damaged status Not for loan Collection code Home library Current library Date acquired Source of acquisition Total Checkouts Barcode Date last seen Copy number Price effective from Koha item type
    Dewey Decimal Classification   Not For Loan Non-fiction Central Library Central Library 18/09/2010 ED/VEN   GR-03587 18/09/2010 1 18/09/2010 Gramaphone Records

© Delhi Public Library
Hit Counter
free hit counter